[Event "EU-ch Online U2300 Qual"]
[Site "Chess.com INT"]
[Date "2020.05.25"]
[Round "3"]
[White "Skatchkov, Valery"]
[Black "Khachatryan, Samvel"]
[Result "1/2-1/2"]
[WhiteElo "2242"]
[BlackElo "2179"]
[PlyCount "82"]
[EventDate "2020.05.25"]
[EventType "swiss"]
[EventRounds "8"]
[EventCountry "NET"]
[SourceTitle "EXT 2021"]
[Source "ChessBase"]
[SourceDate "2020.10.23"]
[SourceVersion "1"]
[SourceVersionDate "2020.10.23"]
[SourceQuality "1"]

1. d4 Nf6 2. c4 e6 3. Nf3 c5 4. d5 b5 5. Bg5 bxc4 6. e4 d6 7. Nc3 Be7 8. Bxc4 e5 9. 0-0 0-0 10. Qe2 Nfd7 11. Bxe7 Qxe7 12. Nd2 f5 13. exf5 Rxf5 14. Bd3 Rf8 15. Rae1 Nf6 16. f4 Nbd7 17. Nc4 Re8 18. Bf5 Ba6 19. Be6+ Kh8 20. f5 Nb6 21. b3 Nxc4 22. bxc4 Rab8 23. Nb5 Bxb5 24. cxb5 Qb7 25. a4 Nxd5 26. Bxd5 Qxd5 27. Rd1 Qb3 28. Rxd6 Qxa4 29. f6 gxf6 30. Qf3 Qf4 31. Qh3 Qg5 32. Rdxf6 Rxb5 33. Rf7 Qg6 34. Qd7 Rg8 35. g3 Rb2 36. Qe7 Qxg3+ 37. hxg3 Rxg3+ 38. Kh1 Rh3+ 39. Kg1 Rg3+ 40. Kh1 Rh3+ 41. Kg1 Rg3+ 1/2-1/2

[Event "FRA-ch Blitz Online Qual"]
[Site "Europe Echecs INT"]
[Date "2020.05.16"]
[Round "15"]
[White "Khachatryan, Samvel"]
[Black "Gatineau, Yovann"]
[Result "0-1"]
[WhiteElo "2179"]
[BlackElo "2423"]
[PlyCount "134"]
[EventDate "2020.05.16"]
[EventType "swiss (blitz)"]
[EventRounds "15"]
[EventCountry "FRA"]
[SourceTitle "CBM 196 Extra"]
[Source "ChessBase"]
[SourceDate "2020.07.31"]
[SourceVersion "1"]
[SourceVersionDate "2020.07.31"]
[SourceQuality "1"]

1. e4 c6 2. d4 g6 3. Nc3 d5 4. Nf3 Bg4 5. Be2 Bxf3 6. Bxf3 e6 7. 0-0 Bg7 8. Be3 Ne7 9. Qd2 0-0 10. Rad1 Nd7 11. Bh6 Nf6 12. e5 Nd7 13. h4 Bxh6 14. Qxh6 Nf5 15. Qg5 Nxh4 16. Qxd8 Nxf3+ 17. gxf3 Raxd8 18. Kg2 c5 19. f4 cxd4 20. Rxd4 Rc8 21. Rd2 Nc5 22. f3 Kg7 23. Ne2 Na6 24. c3 Nb8 25. Nd4 Nc6 26. Nb5 a6 27. Nd6 Rc7 28. Kg3 f6 29. Re1 fxe5 30. fxe5 Ne7 31. f4 Nf5+ 32. Kg4 Rd7 33. Nc4 Rdf7 34. Nd6 Nh6+ 35. Kg3 Rxf4 36. Ne8+ Kh8 37. Nf6 Rc4 38. Rh2 Nf5+ 39. Kg2 Rf7 40. Reh1 h5 41. Rh3 Kg7 42. b3 Rc8 43. Kf2 Ne7 44. Rg1 Kf8 45. Ke2 Rg7 46. Rf3 Nf5 47. Kd3 Ke7 48. Rf2 Rh8 49. Rfg2 Kf7 50. c4 dxc4+ 51. Kxc4 Ne3+ 52. Kc5 Nxg2 53. Rxg2 Ke7 54. Rd2 Rd8 55. Rg2 Rd3 56. Kb6 Re3 57. Rg5 Rxe5 58. Rxe5 Kxf6 59. Re2 h4 60. Rf2+ Kg5 61. Re2 Kf5 62. Rf2+ Kg4 63. Re2 h3 64. Rxe6 h2 65. Re1 Kg3 66. Re3+ Kf2 67. Rh3 Kg2 0-1

[Event "Yerevan op 1st"]
[Site "Yerevan"]
[Date "2016.10.04"]
[Round "3"]
[White "Khachatryan, Samvel"]
[Black "Shahzamani, Arman"]
[Result "1/2-1/2"]
[WhiteElo "1742"]
[BlackElo "2124"]
[PlyCount "160"]
[EventDate "2016.10.02"]
[EventType "swiss"]
[EventRounds "9"]
[EventCountry "ARM"]
[SourceTitle "EXT 2017"]
[Source "ChessBase"]
[SourceDate "2016.10.25"]
[SourceVersion "1"]
[SourceVersionDate "2016.10.25"]
[SourceQuality "1"]

1. e4 e5 2. Nf3 Nc6 3. Bc4 Bc5 4. c3 Nf6 5. d4 exd4 6. 0-0 Nxe4 7. cxd4 d5 8. dxc5 dxc4 9. Qe2 Qd3 10. Re1 f5 11. Nc3 0-0 12. Nxe4 fxe4 13. Qxe4 Bf5 14. Qxd3 cxd3 15. Bd2 Rad8 16. Rac1 Rd5 17. b4 a6 18. a4 a5 19. b5 Nb4 20. Bxb4 axb4 21. Nd2 Ra8 22. c6 bxc6 23. Rxc6 Rd7 24. Ra1 b3 25. Nxb3 d2 26. Nxd2 Rxd2 27. Rxc7 Rxa4 28. Re1 Rd7 29. b6 Rxc7 30. bxc7 Rc4 31. f3 Rxc7 32. Kf2 Kf7 33. Kg3 Kf6 34. Ra1 Rc2 35. Ra6+ Be6 36. h4 Ra2 37. Rb6 h6 38. Rc6 Kf7 39. Rc7+ Kg8 40. Rc6 Bf5 41. Rc1 Bd3 42. Rd1 Bc4 43. Rc1 Be2 44. Rb1 Kh7 45. Rc1 Ra6 46. Re1 Re6 47. Rc1 Kg6 48. Rc5 Rf6 49. Re5 Bc4 50. Rc5 Be6 51. Re5 Bf5 52. Ra5 Be6 53. Re5 Bf7 54. Ra5 Bc4 55. Rc5 Bf1 56. Rc1 Bd3 57. Rc3 Rd6 58. Ra3 Rd5 59. Rc3 Kh5 60. Rc1 g6 61. Kh3 Bf1 62. Rc2 Rd3 63. Rc5+ g5 64. hxg5 hxg5 65. Kg3 Rd4 66. Ra5 Kg6 67. Ra1 Bc4 68. Ra5 Rd2 69. Ra1 Kf5 70. Ra5+ Bd5 71. Ra4 Ra2 72. Rb4 Rc2 73. Ra4 Bc4 74. Ra5+ Kf6 75. Rc5 Rc3 76. Rc6+ Kf5 77. Rc5+ Kg6 78. Rc6+ Kh5 79. Rc5 Kh6 80. Rc6+ Kg7 1/2-1/2

[Event "EU-ch U12 25th"]
[Site "Porec"]
[Date "2015.09.27"]
[Round "6"]
[White "Sanz Wawer, Daniel"]
[Black "Khachatryan, Samvel"]
[Result "1-0"]
[WhiteElo "2102"]
[BlackElo "1734"]
[PlyCount "88"]
[EventDate "2015.09.21"]
[EventType "swiss"]
[EventRounds "9"]
[EventCountry "CRO"]
[SourceTitle "EXT 2016"]
[Source "ChessBase"]
[SourceDate "2015.10.08"]
[SourceVersion "1"]
[SourceVersionDate "2015.10.08"]
[SourceQuality "1"]

1. e4 d5 2. exd5 Nf6 3. d4 Bg4 4. Nf3 Qxd5 5. Be2 Nc6 6. 0-0 0-0-0 7. c3 e5 8. dxe5 Qxd1 9. Rxd1 Rxd1+ 10. Bxd1 Bxf3 11. Bxf3 Nxe5 12. Be2 Bc5 13. Bf4 Neg4 14. Bg3 Re8 15. Kf1 h5 16. h3 Nh6 17. Nd2 Nf5 18. Bh2 Rd8 19. Nb3 Bb6 20. Rd1 Rxd1+ 21. Bxd1 g6 22. Bc2 Nd6 23. Nd2 Kd7 24. Ke2 Ke7 25. Bb3 Nfe4 26. Nxe4 Nxe4 27. Bd5 Nc5 28. b3 c6 29. Bf3 Ne6 30. h4 Ng7 31. Be4 f5 32. Bc2 Bd8 33. Bf4 Kf7 34. b4 Bf6 35. Bb3+ Ke8 36. f3 a5 37. a3 Bd8 38. Bg5 axb4 39. cxb4 Kd7 40. Bxd8 Kxd8 41. Ke3 Ke7 42. Kd4 Kf6 43. a4 g5 44. hxg5+ Kxg5 1-0

[Event "EU-ch U12 25th"]
[Site "Porec"]
[Date "2015.09.21"]
[Round "1"]
[White "Khachatryan, Samvel"]
[Black "Tsoi, Dmitry"]
[Result "0-1"]
[WhiteElo "1734"]
[BlackElo "2161"]
[PlyCount "88"]
[EventDate "2015.09.21"]
[EventType "swiss"]
[EventRounds "9"]
[EventCountry "CRO"]
[SourceTitle "EXT 2016"]
[Source "ChessBase"]
[SourceDate "2015.10.08"]
[SourceVersion "1"]
[SourceVersionDate "2015.10.08"]
[SourceQuality "1"]

1. e4 c5 2. Ne2 Nf6 3. Nbc3 d6 4. d4 cxd4 5. Nxd4 a6 6. Bc4 e6 7. Bb3 Qc7 8. Be3 b5 9. f3 Bb7 10. 0-0 Nbd7 11. a4 b4 12. Na2 d5 13. exd5 Nxd5 14. Bf2 Bd6 15. h3 0-0 16. Nf5 Bc5 17. Bxd5 Bxd5 18. Ne3 Bc6 19. b3 Rfd8 20. Qe2 Qe5 21. Rfe1 Bd6 22. Ng4 Qxe2 23. Rxe2 Rac8 24. Rd1 Be7 25. Red2 Bd5 26. Ne3 Nf6 27. a5 Kf8 28. Kf1 Ke8 29. Ke2 Rd7 30. Nc1 Rdc7 31. Nd3 Bc6 32. Nb2 Nd5 33. Nxd5 Bxd5 34. Kd3 Rc3+ 35. Ke2 Rxc2 36. Rxc2 Rxc2+ 37. Rd2 Rxd2+ 38. Kxd2 Bxb3 39. Nd3 Bc4 40. Nc5 Bd8 41. Nb7 Bc7 42. Bb6 Kd7 43. Bd4 e5 44. Bf2 Kc6 0-1